Board Of Engineers Cambodia, គណៈវិស្វករកម្ពុជា ០៧ មេសា ២០០៩ (Record no. 25457)

000 -LEADER
fixed length control field 00361nam a22001217a 4500
040 ## - CATALOGING SOURCE
Transcribing agency RUA
082 ## - DEWEY DECIMAL CLASSIFICATION NUMBER
Classification number OFF HUN 2009 C108 Or.
100 ## - MAIN ENTRY--AUTHOR NAME
Personal name HUN SEN ,
245 ## - TITLE STATEMENT
Title Board Of Engineers Cambodia, គណៈវិស្វករកម្ពុជា ០៧ មេសា ២០០៩
260 ## - PUBLICATION, DISTRIBUTION, ETC. (IMPRINT)
Place of publication PHNOM PENH
Name of publisher RUA
Year of publication 2009
300 ## - PHYSICAL DESCRIPTION
Number of Pages 79p.
Other physical details ill,
Dimensions 22cm,
942 ## - ADDED ENTRY ELEMENTS (KOHA)
Koha item type ឯកសារស្រាវជ្រាវ
952 ## - LOCATION AND ITEM INFORMATION (KOHA)
Withdrawn status [LOCAL, KOHA] 0
Holdings
Permanent Location Date acquired Koha item type Lost status Shelving location Barcode Current Location Full call number
Library Block C2026-02-04ឯកសារស្រាវជ្រាវ C108C034273Library Block COFF HUN 2009 C108 Or.
មជ្ឈមណ្ឌលឯការនៃសាកលវិទ្យាល័យភូមិន្ទកសិកម្មចំការដូង

Powered by Koha